[Event "AUTO-OPEN-1401"]
[Site "http://www.queenalice.com/game.php?id=522037"]
[Date "2009.1.13"]
[Round "1"]
[White "nusa7"]
[Black "EdsonEstevam"]
[Result "1-0"]
[WhiteElo "1633"]
[BlackElo "1605"]

1. e4 e5 2. Nf3 Nc6 3. Bc4 Bc5 4. c3 Nf6 5. d4 exd4 6. cxd4 Bb4+ 7. Bd2 Nxe4 8.
Bxb4 Nxb4 9. Bxf7+ Ke7 10. Bb3 d5 11. O-O Bg4 12. Re1 Kf7 13. Ne5+ Ke7 14. Qxg4
g6 15. Nc3 Nd2 16. Qg5+ Kf8 17. Qxd2 c6 18. Qf4+ Kg7 19. Qf7+ 1-0

[Event "AUTO-OPEN-1401"]
[Site "http://www.queenalice.com/game.php?id=522046"]
[Date "2009.1.13"]
[Round "1"]
[White "aknightout"]
[Black "nusa7"]
[Result "0-1"]
[WhiteElo "2106"]
[BlackElo "1800"]

1. e4 e5 2. Nf3 Nc6 3. d3 Nf6 4. g3 d5 5. Nbd2 dxe4 6. dxe4 Bb4 7. c3 Bd6 8. b4
O-O 9. a4 Be6 10. Bg2 a6 11. O-O h6 12. Re1 Bg4 13. h3 Be6 14. Qc2 Qd7 15. Kh2
Rad8 16. Nb3 Rfe8 17. Be3 Bxb3 18. Qxb3 Nxe4 19. Bxh6 Nxf2 20. Bg5 Ra8 21. Qc4
e4 22. Nd2 Qf5 23. Be3 Ne5 24. Qe2 Ned3 25. Rf1 Qg6 26. Bxf2 Nxf2 27. Qxf2 e3
28. Qf3 exd2 29. Qxb7 Qxg3+ 30. Kg1 Rab8 31. Qxa6 Qh2+ 32. Kf2 Qg3+ 33. Kg1 Re1
34. a5 Rxa1 35. Qe2 Rxf1+ 36. Kxf1 Qxc3 0-1

[Event "AUTO-OPEN-1401"]
[Site "http://www.queenalice.com/game.php?id=522047"]
[Date "2009.1.13"]
[Round "1"]
[White "nusa7"]
[Black "aknightout"]
[Result "1-0"]
[WhiteElo "1859"]
[BlackElo "2097"]

1. e4 e5 2. Nf3 d6 3. Bc4 Be7 4. O-O Nf6 5. Nc3 c6 6. d4 Nbd7 7. Bg5 a5 8. dxe5
dxe5 9. a4 O-O 10. Re1 h6 11. Bh4 Nh7 12. Bxe7 Qxe7 13. Ne2 Rd8 14. Qc1 Nb6 15.
Bb3 Bg4 16. Nd2 Rd7 17. f3 Be6 18. Bxe6 Qxe6 19. b3 Rad8 20. Nf1 g6 21. Qxh6 Na8
22. h4 Nc7 23. Qe3 Na8 24. Neg3 b6 25. h5 c5 26. hxg6 fxg6 27. Ne2 Nc7 28. Nc3
Kg7 29. Rad1 Rxd1 30. Rxd1 Rd4 31. f4 Rxd1 32. Nxd1 Qd6 33. Qc3 Qxd1 34. Qxe5+
Kh6 35. Qxc7 Qd4+ 36. Kh2 Qxe4 37. Qxb6 Qxf4+ 38. Ng3 1-0

[Event "AUTO-OPEN-1402"]
[Site "http://www.queenalice.com/game.php?id=522291"]
[Date "2009.1.14"]
[Round "1"]
[White "Archer"]
[Black "nusa7"]
[Result "1-0"]
[WhiteElo "1709"]
[BlackElo "1849"]

1. e4 e5 2. f4 exf4 3. d4 Qh4+ 4. Kd2 Nf6 5. Nf3 Qf2+ 6. Qe2 Qxe2+ 7. Bxe2 Nxe4+
8. Ke1 Bd6 9. Nc3 Nxc3 10. bxc3 O-O 11. a4 Re8 12. c4 Nc6 13. c5 Bf8 14. Bxf4
Nb4 15. Kf2 Nxc2 16. Rac1 Nb4 17. Bxc7 Nd5 18. Ba5 b6 19. cxb6 axb6 20. Bd2 Rxa4
21. Bb5 Ra3 22. Ne5 Nf6 23. Rhe1 Ra2 24. Nf3 Bb4 25. Rxe8+ Nxe8 26. Rxc8 Kf8 27.
Ke3 Bxd2+ 28. Nxd2 Ke7 29. Nc4 Nd6 30. Nxd6 Kxd6 31. Bc4 Rc2 32. Kd3 Rxg2 33.
Bxf7 Rxh2 34. Rg8 Rg2 35. Bc4 h6 36. Kc3 h5 37. Kb4 h4 38. Bf1 Rg1 39. Bh3 Rg3
40. Bf5 h3 41. Bxh3 Rxh3 42. Rxg7 Rh4 43. Rg6+ Kd5 44. Rxb6 Rxd4+ 45. Kc3 Ke4
46. Rb4 Rxb4 47. Kxb4 d5 48. Kc3 Ke3 49. Kc2 d4 50. Kd1 Kd3 51. Ke1 Kc2 52. Ke2
d3+ 53. Ke3 d2 54. Ke4 d1=Q 55. Ke5 1-0

[Event "AUTO-OPEN-1402"]
[Site "http://www.queenalice.com/game.php?id=522292"]
[Date "2009.1.14"]
[Round "1"]
[White "nusa7"]
[Black "Archer"]
[Result "1-0"]
[WhiteElo "1756"]
[BlackElo "1720"]

1. e4 f6 2. Bc4 e6 3. Nf3 d5 4. exd5 exd5 5. Bb5+ c6 6. Ba4 b5 7. Bb3 c5 8. Qe2+
Qe7 9. Qxe7+ Nxe7 10. c3 c4 11. Bc2 Be6 12. O-O g5 13. Re1 Kf7 14. Nd4 a6 15.
Nxe6 Ra7 16. Nxf8 Kxf8 17. d3 Nbc6 18. dxc4 dxc4 19. Be3 Rd7 20. Nd2 h5 21. Ne4
Ne5 22. Nxf6 Rd6 23. Bd4 N7c6 24. Bxe5 Nxe5 25. Rxe5 Rd2 26. Re8+ Kg7 27. Rxh8
Kxh8 28. Be4 Rxb2 29. Nxh5 b4 30. cxb4 Rxb4 31. g3 Kg8 32. Rb1 Ra4 33. Rb2 c3
34. Bd5+ Kf8 35. Rc2 Ra3 36. Nf6 Ke7 37. Ne4 g4 38. Rxc3 Rxc3 39. Nxc3 Kd6 40.
Kg2 a5 41. f3 gxf3+ 42. Kxf3 Kc5 43. h4 Kd4 44. h5 Kxc3 45. h6 Kd4 46. Bg8 Kc3
47. h7 1-0

[Event "Challenge"]
[Site "http://www.queenalice.com/game.php?id=532549"]
[Date "2009.1.31"]
[Round "-"]
[White "rdononato"]
[Black "nusa7"]
[Result "0-1"]
[WhiteElo "1921"]
[BlackElo "1796"]

1. Nf3 d5 2. d4 Nf6 3. g3 e6 4. Bg2 c5 5. c3 Nc6 6. e3 Be7 7. Nbd2 O-O 8. O-O
Bd7 9. b3 Rc8 10. Bb2 cxd4 11. exd4 Bd6 12. Rc1 e5 13. dxe5 Nxe5 14. Nd4 Nd3 15.
Rb1 Nxb2 16. Rxb2 Rxc3 17. Rc2 Rxc2 18. Nxc2 Bc6 19. Nd4 Qb6 20. N2f3 Bd7 21. h3
Re8 22. Qd2 h6 23. Nh4 Bb4 24. Qd3 Bc5 25. Nhf3 Re4 26. Rd1 Bb5 27. Nxb5 Bxf2+
28. Kh2 Re3 29. Qf1 Ne4 30. Nbd4 Bxg3+ 31. Kh1 Nf2+ 32. Kg1 Nxd1 33. Qxd1 Qc7
34. Nf5 Rxf3 35. Qxf3 Qc1+ 36. Qf1 Qc5+ 37. Kh1 Be5 38. Qd1 Qf2 39. Qf1 Qxa2 40.
Bxd5 Qh2# 0-1

[Event "AUTO-OPEN-1402"]
[Site "http://www.queenalice.com/game.php?id=598829"]
[Date "2009.6.5"]
[Round "2"]
[White "anand29"]
[Black "nusa7"]
[Result "0-1"]
[WhiteElo "2031"]
[BlackElo "2033"]

1. d4 Nf6 2. c4 d6 3. Nc3 g6 4. Bg5 Bg7 5. e4 h6 6. Bh4 c6 7. f3 Qb6 8. Qd2 Nbd7
9. Nge2 e5 10. d5 cxd5 11. cxd5 a6 12. Bf2 Qc7 13. Ng3 b5 14. Rc1 Qa5 15. a3 h5
16. Bd3 Bh6 17. Be3 Bxe3 18. Qxe3 b4 19. axb4 Qxb4 20. Rc2 h4 21. Ne2 Nc5 22.
O-O Nxd3 23. Qxd3 Qb6+ 24. Kh1 h3 25. g3 Bd7 26. Ra1 Ke7 27. f4 exf4 28. Nxf4
Ng4 29. Rf1 Qe3 0-1

[Event "AUTO-OPEN-1402"]
[Site "http://www.queenalice.com/game.php?id=598830"]
[Date "2009.6.5"]
[Round "2"]
[White "nusa7"]
[Black "anand29"]
[Result "1-0"]
[WhiteElo "2055"]
[BlackElo "2031"]

1. e4 e5 2. Nf3 Nc6 3. Bb5 a6 4. Ba4 b5 5. Bb3 Nf6 6. O-O Bc5 7. c3 O-O 8. d4
exd4 9. cxd4 Be7 10. e5 Ne8 11. d5 Nb8 12. Nd4 c5 13. Nf5 d6 14. Nxe7+ Qxe7 15.
exd6 Qxd6 16. Be3 Nf6 17. Nc3 b4 18. Na4 Ng4 19. g3 Nxe3 20. fxe3 Bh3 21. Rf4
Nd7 22. Qh5 Qh6 23. Qxh6 gxh6 24. Rh4 Bf5 25. Rxh6 Kg7 26. Rc6 Ne5 27. Rxc5 Rfe8
28. Rc7 Nf3+ 29. Kf2 Nxh2 30. d6 1-0

[Event "AUTO-OPEN-1401"]
[Site "http://www.queenalice.com/game.php?id=613035"]
[Date "2009.7.3"]
[Round "2"]
[White "Barreto"]
[Black "nusa7"]
[Result "0-1"]
[WhiteElo "2193"]
[BlackElo "1998"]

1. e4 Nf6 2. e5 Nd5 3. d4 d6 4. Nf3 Bg4 5. Be2 e6 6. O-O Be7 7. h3 Bh5 8. c4 Nb6
9. Nc3 O-O 10. Be3 d5 11. c5 Bxf3 12. gxf3 Nc8 13. f4 f6 14. Qb3 b6 0-1

[Event "AUTO-OPEN-1401"]
[Site "http://www.queenalice.com/game.php?id=613036"]
[Date "2009.7.3"]
[Round "2"]
[White "nusa7"]
[Black "Barreto"]
[Result "1-0"]
[WhiteElo "1958"]
[BlackElo "2193"]

1. e4 c5 2. Nf3 d6 3. d4 cxd4 4. Nxd4 Nf6 5. Nc3 a6 6. Be3 e6 7. f3 b5 8. Qd2
Nbd7 9. g4 h6 10. h4 Ne5 11. O-O-O b4 12. Nb1 d5 13. exd5 Nxd5 14. Be2 Bb7 15.
Rhf1 1-0

[Event "AUTO-OPEN-1401"]
[Site "http://www.queenalice.com/game.php?id=658521"]
[Date "2009.9.26"]
[Round "3"]
[White "jope"]
[Black "nusa7"]
[Result "0-1"]
[WhiteElo "1713"]
[BlackElo "2011"]

1. e4 c5 2. f4 Nc6 3. Nf3 d6 4. h3 Nf6 5. Nc3 e6 6. Bc4 d5 7. exd5 exd5 8. Bd3
c4 9. Be2 d4 10. Nb5 a6 11. Na3 d3 12. cxd3 cxd3 13. Bf1 Bd6 14. Qb3 Bxf4 15.
Bxd3 Bg3+ 16. Kd1 O-O 17. Qc2 Nb4 18. Bxh7+ Nxh7 19. Qc3 a5 20. b3 Bf5 21. Rf1
Rc8 22. Nc4 Bc2+ 23. Ke2 Re8+ 24. Nfe5 Rxe5+ 25. Kf3 Rf5+ 26. Kxg3 Rxf1 27. a3
Qg5+ 28. Kh2 Qf4+ 29. g3 Qf2# 0-1

[Event "AUTO-OPEN-1401"]
[Site "http://www.queenalice.com/game.php?id=658522"]
[Date "2009.9.26"]
[Round "3"]
[White "nusa7"]
[Black "jope"]
[Result "0-1"]
[WhiteElo "2015"]
[BlackElo "1713"]

1. e4 c5 2. Nf3 d6 3. d4 cxd4 4. Nxd4 e5 5. Nb5 a6 6. N5a3 g6 7. Bc4 Nf6 8. O-O
Bg7 9. Bg5 O-O 10. Nc3 Nbd7 11. Nd5 b5 12. Nxf6+ Nxf6 13. Bd5 Rb8 14. c3 Qc7 15.
Bxf6 Bxf6 16. Qf3 Qe7 17. Nc2 Be6 18. Ne3 Bd7 19. Rad1 Be6 20. h3 Bg7 21. a3
Bxd5 22. Nxd5 Qd8 23. Rd3 f5 24. Rfd1 Qg5 25. Qe2 f4 26. f3 Qg3 27. Ne7+ Kh8 28.
Rxd6 a5 29. Nc6 Ra8 30. Qxb5 Rg8 31. Nxe5 Rgf8 32. Qd5 Bxe5 33. Qxe5+ Kg8 34.
Rd7 Rf7 35. Rd8+ Rf8 36. Rxa8 Rxa8 0-1

[Event "AUTO-OPEN-1402"]
[Site "http://www.queenalice.com/game.php?id=682751"]
[Date "2009.11.14"]
[Round "3"]
[White "OrangeLion"]
[Black "nusa7"]
[Result "1-0"]
[WhiteElo "2264"]
[BlackElo "2017"]

1. Nf3 Nf6 2. c4 e6 3. Nc3 c5 4. g3 Nc6 5. Bg2 Be7 6. O-O d5 7. cxd5 exd5 8. d4
c4 9. Ne5 Kf8 10. Bf4 h6 11. Nxc6 bxc6 12. Qc2 g5 13. Be5 h5 14. e4 Bb7 15. b3
cxb3 16. Qxb3 Ba6 17. Bxf6 Bxf6 18. Qa3+ Kg7 19. Qxa6 Bxd4 20. Rac1 h4 21. exd5
Qf6 22. Qxc6 Bxc3 23. Rxc3 Qd4 24. Rc4 Qd2 25. Qd7 Qd3 26. Qg4 f6 27. Rc7+ 1-0

[Event "AUTO-OPEN-1402"]
[Site "http://www.queenalice.com/game.php?id=682752"]
[Date "2009.11.14"]
[Round "3"]
[White "nusa7"]
[Black "OrangeLion"]
[Result "0-1"]
[WhiteElo "2038"]
[BlackElo "2245"]

1. e4 e6 2. d4 d5 3. Nd2 Nf6 4. e5 Nfd7 5. f4 c5 6. Ngf3 Nc6 7. c3 Qb6 8. Nb3
cxd4 9. cxd4 a5 10. a4 Bb4+ 11. Bd2 Bxd2+ 12. Nfxd2 Nxd4 13. Ra3 O-O 14. Be2 f6
15. Nf3 Qb4+ 16. Qd2 Nc2+ 0-1

[Event "AUTO-OPEN-1402"]
[Site "http://www.queenalice.com/game.php?id=682753"]
[Date "2009.11.14"]
[Round "3"]
[White "jotat"]
[Black "nusa7"]
[Result "1-0"]
[WhiteElo "2281"]
[BlackElo "2029"]

1. e4 Nf6 2. e5 Nd5 3. c4 Nb6 4. d4 d6 5. f4 dxe5 6. fxe5 Bf5 7. c5 Nd5 8. Bc4
e6 9. Nf3 Nb4 10. Na3 N8c6 11. Bg5 Be7 12. Bxe7 Qxe7 13. O-O Nd5 14. Qb3 O-O 15.
Bxd5 exd5 16. Qxb7 Qd7 17. Qb3 Rab8 18. Qc3 Rb4 19. Rac1 Rfb8 20. b3 Bg4 21. Nc2
R4b7 22. Rf2 Nb4 23. Nxb4 Rxb4 24. Ng5 Bh5 25. Nxf7 Bxf7 26. Rcf1 Bg6 27. Qxb4
Rxb4 28. Rf8# 1-0

[Event "AUTO-OPEN-1402"]
[Site "http://www.queenalice.com/game.php?id=682754"]
[Date "2009.11.14"]
[Round "3"]
[White "nusa7"]
[Black "jotat"]
[Result "0-1"]
[WhiteElo "2022"]
[BlackElo "2285"]

1. d4 d5 2. c4 e5 3. dxe5 d4 4. Nf3 Nc6 5. Nbd2 Bg4 6. h3 Bxf3 7. Nxf3 Bb4+ 8.
Bd2 Qe7 9. Qa4 Bxd2+ 10. Kxd2 O-O-O 11. g4 a6 12. Bg2 Qc5 13. Rhd1 d3 14. e3
Nge7 15. a3 h5 16. Rac1 Nxe5 17. Nxe5 Qxe5 18. Qb3 Nc6 19. Bxc6 bxc6 20. Rc3 Qf6
21. f4 hxg4 22. hxg4 Qg6 23. Kc1 d2+ 24. Rxd2 Rh1+ 25. Rd1 Rdxd1+ 26. Qxd1 Rxd1+
27. Kxd1 Qb1+ 0-1